Tecnología /
La tecnología genera tantos cambios como discusiones. Hay quienes aseguran que el uso masivo de Internet desvirtúa la búsqueda de conocimiento, mientras que otros afirman que cambia y enriquece la manera de obtenerlo. ¿La tecnología nos trasforma? ¿Modifica las relaciones sociales? ¿Qué se gana y qu...
Guardado en:
| Autor Principal: | |
|---|---|
| Autor Corporativo: | |
| Otros Autores: | |
| Formato: | |
| Publicado: |
Argentina,
2012
|
| Series: | Conectados
|
| Materias: | |
| Acceso en línea: | https://www.educ.ar/recursos/103020/tecnologia |
| Etiquetas: |
Agregar Etiqueta
Sin Etiquetas, Sea el primero en etiquetar este registro!
|
| LEADER | 01306ngm a22003375g 4500 | ||
|---|---|---|---|
| 001 | CEM.cems024175 | ||
| 008 | 130507s2012##################0###0#####d | ||
| 005 | 20250904190736.0 | ||
| 245 | 1 | 0 | |a Tecnología / |c Carolina Soccol, Guillermina de Rosa y Paula Lorenzo. |
| 260 | |a Argentina, |c 2012 | ||
| 300 | |a 26'. | ||
| 490 | 0 | |a Conectados | |
| 538 | |a Soporte: DVD - Grabación DRD | ||
| 520 | |a La tecnología genera tantos cambios como discusiones. Hay quienes aseguran que el uso masivo de Internet desvirtúa la búsqueda de conocimiento, mientras que otros afirman que cambia y enriquece la manera de obtenerlo. ¿La tecnología nos trasforma? ¿Modifica las relaciones sociales? ¿Qué se gana y qué se pierde? | ||
| 500 | |a Consultar en ventanilla. | ||
| 100 | 1 | |a Soccol, Carolina. | |
| 710 | 2 | |a Canal Encuentro. | |
| 700 | 1 | |a de la Serna, Rodrigo; Presentador. | |
| 082 | 3 | 0 | |/ SOC-1 |
| 653 | |a CONECTAD@S | ||
| 653 | |a SOCIOLOGÍA | ||
| 653 | |a ADOLESCENTES | ||
| 653 | |a TECNOLOGÍA | ||
| 653 | |a INTERNET | ||
| 653 | |a FOROS | ||
| 653 | |a FOTOGRAFÍA | ||
| 653 | |a INFORMÁTICA | ||
| 653 | |a ASTRONOMÍA | ||
| 653 | |a PROGRAMA DE TELEVISIÓN | ||
| 856 | |u https://www.educ.ar/recursos/103020/tecnologia | ||
| 859 | |a CEMS |b BIB. CEMS - Depto. Recursos Didacticos |h 301 |i SOC-1 |k DRD |p 2818.19 |t Ej.1 | ||
